000 00422nam a2200169Ia 4500
008 210210b1959 xxu||||| |||| 00| 0 eng d
041 _aeng
082 _a824/270
100 _aRIDDLER (A) Ed
245 _aShakepeare criticism 1919-1935
260 _aLondon
_bOxford University Press
_c1959
650 _aShakepeare
650 _acriticism
650 _a1919-1935
690 _aEnglish Criticism
906 _a014220
999 _c133336
_d133336